000 00787nam a22002177a 4500
999 _c20132
_d20132
005 20180323105748.0
008 180323b2011 ck ||||| |||| 00| 0 spa d
020 _a9789586709033
040 _aCO-BoIAVH
_cCO-BoIAVH
041 _aspa
044 _ack
082 _a571.8
_bU58e
100 _aCantera Kintz, Jaime Ricardo
245 1 0 _aEstadios de vida vulnerable de organismos marinos de Bahía Málaga:
_b guía para su identificación
260 _aSantiago de Cali:
_bUniversidad del Valle,
_c2011.
300 _a144. páginas
_c24 x 22cm
650 1 4 _aBiología
_xCiclos vitales
_zBahía Malaga (Colombia)
650 1 4 _aFauna Marina
_xIdentificación
_zBahía Malaga (Colombia)
650 1 4 _aBiología Marina
_xClasificación
942 _2ddc
_cLIBRO